Нанотехнологии и перспективы их развития; Научная инициатива иностранных студентов и аспирантов российских вузов; Т. 1

Dettagli Bibliografici
Parent link:Научная инициатива иностранных студентов и аспирантов российских вузов: сборник докладов VII Всероссийской научно-практической конференции, Томск, 23-25 апреля 2014 г./ Ассоциация иностранных студентов в России (АИС); Национальный исследовательский Томский политехнический университет (ТПУ), Институт международного образования и языковой коммуникации (ИМОЯК).— , 2014
Т. 1.— 2014.— [С. 311-315]
Autore principale: Нгуен Ван Ву
Ente Autore: Национальный исследовательский Томский политехнический университет
Altri autori: Митяева А. П. Анна Павловна (научный руководитель)
Riassunto:Заглавие с титульного экрана
Lingua:russo
Pubblicazione: 2014
Soggetti:
Accesso online:http://www.lib.tpu.ru/fulltext/c/2014/C19/V1/062.pdf
Natura: Elettronico Capitolo di libro
KOHA link:https://koha.lib.tpu.ru/cgi-bin/koha/opac-detail.pl?biblionumber=611227

MARC

LEADER 00000naa2a2200000 4500
001 611227
005 20250529112529.0
035 |a (RuTPU)RU\TPU\conf\8963 
035 |a RU\TPU\conf\8962 
090 |a 611227 
100 |a 20150228d2014 k y0rusy50 ca 
101 0 |a rus 
102 |a RU 
105 |a y z 101zy 
135 |a drcn ---uucaa 
181 0 |a i  
182 0 |a b 
200 1 |a Нанотехнологии и перспективы их развития  |f Нгуен Ван Ву  |g науч. рук. А. П. Митяева 
203 |a Текст  |c электронный 
300 |a Заглавие с титульного экрана 
320 |a [Библиогр.: с. 315 (4 назв.)] 
337 |a Adobe Reader 
461 1 |0 (RuTPU)RU\TPU\conf\8104  |t Научная инициатива иностранных студентов и аспирантов российских вузов  |o сборник докладов VII Всероссийской научно-практической конференции, Томск, 23-25 апреля 2014 г.  |f Ассоциация иностранных студентов в России (АИС); Национальный исследовательский Томский политехнический университет (ТПУ), Институт международного образования и языковой коммуникации (ИМОЯК)  |o в 3 т.  |d 2014 
463 1 |0 (RuTPU)RU\TPU\conf\8105  |t Т. 1  |v [С. 311-315]  |d 2014 
610 1 |a труды учёных ТПУ 
610 1 |a электронный ресурс 
610 1 |a нанотехнологии 
610 1 |a перспективы развития 
610 1 |a наноразмерные материалы 
610 1 |a нанотехнологии 
610 1 |a нанонаука 
700 0 |a Нгуен Ван Ву 
702 1 |a Митяева  |b А. П.  |c лингвист  |c старший преподаватель Томского политехнического университета  |f 1972-  |g Анна Павловна  |4 727 
712 0 2 |a Национальный исследовательский Томский политехнический университет  |c (2009- )  |9 26305 
801 2 |a RU  |b 63413507  |c 20150228  |g RCR 
850 |a 63413507 
856 4 |u http://www.lib.tpu.ru/fulltext/c/2014/C19/V1/062.pdf 
942 |c BK